Elektronnyje vyčisliteľnyje mašiny. 4

Gespeichert in:
Bibliographische Detailangaben
Format: Buch
Sprache:Russisch
Veröffentlicht: Moskva : Vyšča škola, 1987
Tags: Tag hinzufügen
Keine Tags, Fügen Sie das erste Tag hinzu!

MARC

LEADER 00000nam a22000003a 4500
001 stu4717
005 20141122103158.5
008 931103s1987----xxr-----------------rus-d
040 |a STU  |b slo 
041 0 |a rus 
044 |a xxr 
080 |a 681.3 
080 |a 519.68 
245 |a Elektronnyje vyčisliteľnyje mašiny. 4 
260 |a Moskva :  |b Vyšča škola,  |c 1987 
996 |c I*3S3692  |l I  |s A  |a 24  |w stu4717_0001 
996 |c I*3S3691  |l I  |s A  |a 24  |w stu4717_0002